[Event "FRA-ch Railways-A"]
[Site "St Mandrier"]
[Date "2015.04.07"]
[Round "2"]
[White "Billette, Gregory"]
[Black "Bigotte, Patrick"]
[Result "1-0"]
[WhiteElo "1730"]
[BlackElo "1864"]
[PlyCount "83"]
[EventDate "2015.04.07"]
[EventType "swiss"]
[EventRounds "7"]
[EventCountry "FRA"]
[SourceTitle "EXT 2016"]
[Source "ChessBase"]
[SourceDate "2015.10.08"]
[SourceVersion "1"]
[SourceVersionDate "2015.10.08"]
[SourceQuality "1"]

1. e4 e6 2. d3 d5 3. Nd2 Nf6 4. Ngf3 dxe4 5. dxe4 Bc5 6. Bd3 Nc6 7. Nb3 Bb6 8. Bg5 e5 9. 0-0 Qe7 10. a4 a6 11. a5 Ba7 12. h3 Be6 13. Qe2 h6 14. Be3 Bxe3 15. Qxe3 Rd8 16. Nc5 Bc8 17. Ra4 0-0 18. Rfa1 Nh5 19. g3 Nf6 20. R1a3 Nd4 21. Nxd4 Qxc5 22. Nf5 Qxe3 23. fxe3 Bd7 24. Rb4 Bxf5 25. exf5 e4 26. Bxe4 Rd1+ 27. Kf2 Nxe4+ 28. Rxe4 Rd2+ 29. Kf3 Rxc2 30. Rb3 Rd8 31. Rxb7 Rc5 32. g4 Rxa5 33. Rxc7 Rb5 34. Ree7 Rf8 35. Ra7 Rb6 36. b4 Rf6 37. e4 Rc6 38. e5 Rb6 39. e6 Rc8 40. Rxf7 Rc3+ 41. Ke2 Rxb4 42. Rxg7+ 1-0

[Event "FRA-ch Railways-A"]
[Site "St Mandrier"]
[Date "2015.04.07"]
[Round "7"]
[White "Gering, Sandrine"]
[Black "Billette, Gregory"]
[Result "1/2-1/2"]
[WhiteElo "1710"]
[BlackElo "1730"]
[PlyCount "123"]
[EventDate "2015.04.07"]
[EventType "swiss"]
[EventRounds "7"]
[EventCountry "FRA"]
[SourceTitle "EXT 2016"]
[Source "ChessBase"]
[SourceDate "2015.10.08"]
[SourceVersion "1"]
[SourceVersionDate "2015.10.08"]
[SourceQuality "1"]

1. e4 c5 2. Nf3 Nc6 3. d4 cxd4 4. Nxd4 g6 5. Nc3 Bg7 6. Be3 Nf6 7. Bb5 Ng4 8. 0-0 Nxe3 9. fxe3 0-0 10. Qd2 a6 11. Bc4 Ne5 12. Bb3 e6 13. Nf3 Qc7 14. Ne2 Nc4 15. Bxc4 Qxc4 16. Ned4 b5 17. e5 Bb7 18. Qa5 Bxf3 19. b3 Qc8 20. Nxf3 d6 21. Rac1 dxe5 22. c4 Qd8 23. Qb4 bxc4 24. Qxc4 Qb6 25. Rfe1 h6 26. Kh1 a5 27. Rcd1 Rfd8 28. e4 Rac8 29. Qe2 Rd6 30. Qb2 Rdc6 31. Rd2 g5 32. h3 Qc7 33. Red1 f6 34. b4 axb4 35. Qxb4 Rc1 36. a4 Bf8 37. Qb3 Qc4 38. Qb5 Bb4 39. Qxc4 Rxd1+ 40. Rxd1 Rxc4 41. Ra1 Ba5 42. Ne1 Rxe4 43. Nd3 Kf7 44. Nc5 Re1+ 45. Rxe1 Bxe1 46. Kg1 Ke7 47. Kf1 Bc3 48. Ke2 Bd4 49. Nb3 Kd6 50. Kd3 Bf2 51. Nd2 f5 52. Nc4+ Kd5 53. a5 e4+ 54. Kc3 Ba7 55. Na3 Kc5 56. Nc4 Kb5 57. g4 e3 58. gxf5 exf5 59. Nd6+ Kxa5 60. Nxf5 h5 61. Kd3 g4 62. hxg4 1/2-1/2